000 00257nam a2200109Ia 4500
008 220204s9999 xx 000 0 und d
082 _a82-3
_bMCC
100 _aMcCarry, Charles
245 0 _aSecret lovers
260 _aLondon
_bHutchinson
_c1977
942 _cBK
999 _c27990
_d27990